| 000 | 00596nam a2200205 a 4500 | ||
|---|---|---|---|
| 005 | 20230130063538.0 | ||
| 008 | 061124s2004 mx r 000 0 spa d | ||
| 020 | _a8497060792 | ||
| 035 | _aUPN01000148093 | ||
| 049 | _aCG | ||
| 050 | 4 |
_aRC531 _bN4.8 |
|
| 245 | 0 | 3 |
_aLa neurosis de angustia en el siglo XXI / _cJulio Vallejo Ruiloba ... [et al.]. |
| 260 |
_aBarcelona, Esp. : _bArs Medica, _c2004. |
||
| 300 |
_axiii, 175 p. : _bfigs. |
||
| 650 | 7 |
_aAnsiedad _2 _94750 |
|
| 650 | 4 |
_aNEUROSIS _99378 |
|
| 650 | 2 |
_aAngustia _91048 |
|
| 700 | 1 |
_aVallejo Ruiloba, Julio, _ecoaut. |
|
| 905 | _aLibro | ||
| 999 |
_c120235 _d120235 |
||